Product Planning Management (Record no. 3618)

MARC details
000 -LEADER
fixed length control field 00410nam a22001697a 4500
005 - DATE AND TIME OF LATEST TRANSACTION
control field 20210915154030.0
008 - FIXED-LENGTH DATA ELEMENTS--GENERAL INFORMATION
fixed length control field 160623b xxu||||| |||| 00| 0 eng d
020 ## - INTERNATIONAL STANDARD BOOK NUMBER
ISBN 0-07-112740-2
041 ## - LANGUAGE CODE
Language code of text/sound track or separate title eng
082 ## - DEWEY DECIMAL CLASSIFICATION NUMBER
Item number 9264
100 ## - MAIN ENTRY--AUTHOR NAME
Personal name Moore, William. L and Pessemier, Edger A
245 ## - TITLE STATEMENT
Title Product Planning Management
260 ## - PUBLICATION, DISTRIBUTION, ETC. (IMPRINT)
Name of publisher TMH
Year of publication 1993
300 ## - PHYSICAL DESCRIPTION
Number of Pages 523
650 ## - SUBJECT ADDED ENTRY--TOPICAL TERM
Topical Term Management
942 ## - ADDED ENTRY ELEMENTS (KOHA)
Koha item type Books
Holdings
Lost status Damaged status Collection code Home library Current library Shelving location Date acquired Full call number Accession Number Koha item type
    Reference JRU Library   SHELF-29-A 23/06/2016 9264 9264 Books